Largest Municipalities in New Hampshire by First Letter - Statistics

General Stats
  • This quiz has been taken 7 times
  • The average score is 10 of 22
Answer Stats
First Letter County Population Municipality % Correct
C Merrimack 45,021 Concord
100%
M Hillsborough 115,451 Manchester
100%
N Hillsborough 90,343 Nashua
86%
D Stafford 33,957 Dover
71%
K Cheshire 22,827 Keene
71%
P Rockingham 22,827 Portsmouth
71%
R Stafford 34,187 Rochester
71%
L Belknap 17,314 Laconia
57%
S Rockingham 33,283 Salem
57%
O Carroll 4,609 Ossipee
43%
A Rockingham 7,410 Atkinson
29%
B Hillsborough 23,660 Bedford
29%
F Merrimack 8,820 Franklin
29%
G Belknap 7,921 Gilford
29%
H Rockingham 9,113 Hampstead
29%
J Carroll 1,068 Jackson
29%
T Belknap 4,216 Tilton
29%
U Sullivan 1,505 Unity
29%
E Merrimack 5,036 Epsom
14%
W Rockingham 16,086 Windham
14%
I Chase 1,907 Imperial
0%
V Douglas 3,360 Valley
0%
No matching quizzes found
Score Distribution
Percent of People with Each Score
Percentile by Number Answered
Your Score History
You have not taken this quiz